000 00516nam a2200181 4500
005 20250924114144.0
008 250924b |||||||| |||| 00| 0 eng d
040 _aMAIN
082 _a658.45
_bM289I
100 _aMakkar, Mansi
245 _aImpact of workforce agility on organizational performance in it industry
260 _bDepartment of IMSAR, M D University, Rohtak
_c2025
300 _axvi, 151
650 _aManagement
650 _aOrganizational Performance
700 _aNeetu Rani
942 _cTH
999 _c393535
_d393535